Political Science Part-11 (Record no. 613136)

000 -LEADER
fixed length control field 00408nam a22001337a 4500
082 ## - DEWEY DECIMAL CLASSIFICATION NUMBER
Classification number 340
Author Mark KHA
100 ## - MAIN ENTRY--PERSONAL NAME
Personal name Khan, Asad Imtiaz
245 ## - TITLE STATEMENT
Title Political Science Part-11
Remainder of title LL.B. ( 5 Years Program ) as per HEC New Syllabus /
Statement of responsibility, etc. Asad Imtiaz Khan
260 ## - PUBLICATION, DISTRIBUTION, ETC.
Place of publication, distribution, etc. Lahore :
Name of publisher, distributor, etc. Mansoor Law Book House,
Date of publication, distribution, etc. 2021.
300 ## - PHYSICAL DESCRIPTION
Extent 552 p.
563 ## - BINDING INFORMATION
Binding note PB.
650 ## - SUBJECT ADDED ENTRY--TOPICAL TERM
Topical term or geographic name entry element Law, Political Science
942 ## - ADDED ENTRY ELEMENTS (KOHA)
Source of classification or shelving scheme
Koha item type Book
650 ## - SUBJECT ADDED ENTRY--TOPICAL TERM
-- 128111
Holdings
Withdrawn status Lost status Source of classification or shelving scheme Damaged status Not for loan Permanent Location Current Location Date acquired Total Checkouts Full call number Barcode Date last seen Price effective from Koha item type
          NUST Law School (NLS) NUST Law School (NLS) 03/03/2025   340 KHA NLS-478 03/03/2025 03/03/2025 Book
          NUST Law School (NLS) NUST Law School (NLS) 03/03/2025   340 KHA NLS-479 03/03/2025 03/03/2025 Book
          NUST Law School (NLS) NUST Law School (NLS) 03/03/2025   340 KHA NLS-480 03/03/2025 03/03/2025 Book
© 2023 Central Library, National University of Sciences and Technology. All Rights Reserved.